LEADER 01601cam0-2200529---450- 001 990000076780203316 005 20000615 010 $a0-201-46137-4 035 $a0007678 035 $aUSA010007678 035 $a(ALEPH)000007678USA01 035 $a0007678 100 $a20000615d1997----|||y0itay0103----ba 101 0 $aeng 102 $aUS 105 $a||||||||001yy 200 1 $aUniversal serial bus system architecture$fDon Anderson 210 $aReading$cAddison-Wesley$dcopyr.1997 215 $aXXIV, 321 p.$d23 cm 225 2 $aPC system architecture series 410 0$12001$aPC system architecture series 606 $aArchitettura dell'elaboratore 676 $a004.64 700 1$aANDERSON,$bDon$027954 801 $aIT$bSALBC$gISBD 912 $a990000076780203316 951 $a004.64 AND$b14045 Ing.$c004.64$d00000701 959 $aBK 969 $aTEC 979 $aPATTY$b90$c20001020$lUSA01$h1013 979 $c20000914$lUSA01$h1735 979 $c20000919$lUSA01$h1048 979 $c20000919$lUSA01$h1521 979 $c20001019$lUSA01$h1056 979 $c20001019$lUSA01$h1453 979 $c20001019$lUSA01$h1501 979 $c20001019$lUSA01$h1538 979 $c20001024$lUSA01$h1514 979 $c20001027$lUSA01$h1519 979 $c20001027$lUSA01$h1523 979 $c20001110$lUSA01$h1710 979 $c20001124$lUSA01$h1208 979 $aPATTY$b90$c20010410$lUSA01$h1146 979 $c20020403$lUSA01$h1615 979 $aPATRY$b90$c20040406$lUSA01$h1606 996 $aUniversal serial bus system architecture$91516132 997 $aUNISA LEADER 01340cam2-2200421---450- 001 990003006180203316 005 20130319130924.0 010 $a0-19-814582-9 035 $a000300618 035 $aUSA01000300618 035 $a(ALEPH)000300618USA01 035 $a000300618 100 $a20071106d1977----km-y0itay50------ba 101 0 $agrc$alat 102 $aGB 105 $ay|||z|||001yy 200 1 $a<<2:>> Enneades IV-V$fediderunt Paul Henry et Hans-Rudolf Schwyzer 210 $aOxonii$ce Typographeo Clarendoniano$d1977 215 $aXXXVI, 302 p.$d20 cm 410 0$1001000300544$aScriptorum classicorum bibliotheca Oxoniensis 461 0$1001000132611$12001$aPlotini opera 540 1 $aEnneades 4.-5. 700 0$aPLOTINUS$0198801 701 1$aSCHWYZER,$bHans-Rudolf$0315384 702 1$aHENRY,$bPaul 801 0$aIT$bsalbc$gISBD 912 $a990003006180203316 951 $aV.1. Coll. 32/ 19/2$b202469 L.M.$cV.1. Coll.$d00064700 951 $aXV.8. Coll. 9/ 16 2$b221923 L.M.$cXV.8. Coll. 959 $aBK 969 $aUMA 969 $aFSO 979 $aANNAMARIA$b90$c20071106$lUSA01$h1404 979 $aANNAMARIA$b90$c20121102$lUSA01$h1440 979 $aANNAMARIA$b90$c20121105$lUSA01$h1442 979 $aANNAMARIA$b90$c20130319$lUSA01$h1309 996 $aEnneades IV-V$91024337 997 $aUNISA